Waluty Europy - Statystyki

Ogólne statystyki
  • Ten quiz został rozwiązany 71 razy
  • Średni wynik to 35 z 45
Statystyki odpowiedzi
Państwo Waluta % Poprawnych
Monako Euro
94%
Portugalia Euro
94%
Francja Euro
94%
Estonia Euro
92%
Finlandia Euro
92%
Belgia Euro
92%
Słowenia Euro
92%
Niemcy Euro
90%
Irlandia Euro
90%
Malta Euro
90%
Holandia Euro
90%
Polska Złoty
90%
Hiszpania Euro
88%
Andora Euro
88%
Watykan Euro
88%
Słowacja Euro
88%
San Marino Euro
88%
Włochy Euro
88%
Łotwa Euro
88%
Wielka Brytania Brytyjski funtszterling
85%
Luksemburg Euro
85%
Grecja Euro
85%
Austria Euro
85%
Litwa Euro
85%
Chorwacja Euro
83%
Bułgaria Euro
83%
Czarnogóra Euro
81%
Czechy Korona Czeska
81%
Szwecja Korona szwedzka
81%
Dania Korona duńska
79%
Rosja Rubel rosyjski
79%
Szwajcaria Frank szwajcarski
77%
Kosowo Euro
75%
Norwegia Korona norweska
75%
Białoruś Rubel białoruski
73%
Islandia Korona islandzka
67%
Węgry Forint
63%
Liechtenstein Frank szwajcarski
63%
Ukraina Hrywna
63%
Rumunia Lej rumuński
54%
Mołdawia Lej mołdawski
48%
Albania Lek
48%
Serbia Dinar
42%
Bośnia iHercegowina Marka zamienna
38%
MacedoniaPółnocna Denar macedoński
35%
Nie znaleziono quizów pasujących do podanych kryteriów
Rozkład punktacji
Procent ludzi z każdym wynikiem
Percentyl według liczby udzielonych odpowiedzi
Twoja historia wyników
Nie rozwiązałeś tego quizu